00912nam a2200181 a 450000100100000000500170001000800410002704000250006808200150009311000770010824501660018524600840035126001090043530000280054459000280057295201130060099900170071300004830020201002061045.0181214s2012 dr a r 000 spa d aDO-SdBNPbspacBNPHU axxxbR426e1 aRepública Dominicana.bPresidencia de la República Dominicana937585 0aEstrategia nacional para fortalecer los recursos humanos y las habilidades para avanzar hacia un desarrollo verde, con bajas emisiones y resiliencia climática.1 aConsejo Nacional para el Cambio Climático y el Mecanismo de Desarrollo Limpio aSanto Domingo :bConsejo Nacional para el Cambio Climático y el Mecanismo de Desarrollo Limpio,c2012. a131 p. :bil. ;c23 cm. aInventariado, 2019 / DG 0010718PDaPDbPDcHDd2018-12-14iLF1l0oxxx R426ep48300-10r2020-06-25w2020-06-25yLFPDZNo se presta c47788d47788